Trading Standards.net (Record no. 120078)

MARC details
000 -LEADER
fixed length control field 00908cam a2200229 4500
001 - CONTROL NUMBER
control field WS118730
008 - FIXED-LENGTH DATA ELEMENTS--GENERAL INFORMATION
fixed length control field 020705n 000 0 eng u
035 ## - SYSTEM CONTROL NUMBER
System control number (Sirsi) u118730
245 ## - TITLE STATEMENT
Title Trading Standards.net
520 ## - SUMMARY, ETC.
Summary, etc. Web site which describes itself as 'the longest running provider of trading standards and consumer protection related advice and information'. Includes details of relevant legislation and pages on consumer safety.
650 ## - SUBJECT ADDED ENTRY--TOPICAL TERM
Topical term or geographic name entry element TRADING STANDARDS
650 ## - SUBJECT ADDED ENTRY--TOPICAL TERM
Topical term or geographic name entry element TRADE DESCRIPTIONS ACT 1968
650 ## - SUBJECT ADDED ENTRY--TOPICAL TERM
Topical term or geographic name entry element CONSUMER PROTECTION ACT 1987
650 ## - SUBJECT ADDED ENTRY--TOPICAL TERM
Topical term or geographic name entry element WEIGHTS AND MEASURES ACT 1985
650 ## - SUBJECT ADDED ENTRY--TOPICAL TERM
Topical term or geographic name entry element METRICATION
650 ## - SUBJECT ADDED ENTRY--TOPICAL TERM
Topical term or geographic name entry element CONSUMER PROTECTION
650 ## - SUBJECT ADDED ENTRY--TOPICAL TERM
Topical term or geographic name entry element EUROPEAN DIRECTIVES
650 ## - SUBJECT ADDED ENTRY--TOPICAL TERM
Topical term or geographic name entry element QUALITY STANDARDS
690 ## - LOCAL SUBJECT ADDED ENTRY--TOPICAL TERM (OCLC, RLIN)
Topical term or geographic name as entry element MANAGEMENT-BUSINESS MANAGEMENT
856 40 - ELECTRONIC LOCATION AND ACCESS
Uniform Resource Identifier <a href="https://www.tradingstandards.net">https://www.tradingstandards.net</a>
Public note View the website free of charge at www.tradingstandards.net...
942 ## - ADDED ENTRY ELEMENTS (KOHA)
Suppress in OPAC 0
Holdings
Withdrawn status Lost status Source of classification or shelving scheme Damaged status Not for loan Home library Current library Shelving location Date acquired Total Checkouts Full call number Barcode Date last seen Copy number Price effective from Koha item type
    Dewey Decimal Classification     Virtual Virtual Online 05/07/2002   WEB SITE 118730-2001 06/08/2019 1 06/08/2019 Online material